000 00909nam a2200241 a 4500
001 47188
003 BD-RjUL
005 20211209054255.0
008 160807s1983 bg ||||| |||| 00| 0 eng d
020 _c: Tk.14.00
035 _a(BD-RjUL)47307
040 _aBD-RjUL
_bben
_cBD-RjUL
041 _aben
082 _223
_a331.8095492
_bDAM 1983
100 1 _aদত্ত,শেখর
_9120758
245 1 _aমে - দিবসের কথা ও বাংলাদেশের শ্রমিক শ্রেণী /
_cশেখর দত্ত.
260 _aঢাকা :
_bপ্রাচ্য প্রকাশনী,
_c১৯৮৩.
300 _a১৫৫ পৃ. ;
_c২১ সেমি.
504 _aসংযুক্ত নির্ঘণ্ট
650 _aশ্রম সংগঠন
_zবাংলাদেশ
_9143689
650 _aLabor Union
_zBangladesh
_9133939
942 _2ddc
_cBK
999 _c47188
_d47188